000 00711cam a22002531 4500
001 8175
003 BD-RjUL
005 20211208234534.0
008 180114s1962 nju 000 0 eng
035 _a(BD-RjUL)8220
035 _a(OCoLC)1440542
040 _aDLC
_cFJ
_dOCoLC
_dUk
_dDLC
_dBD-RjUL
_beng
041 _aeng
082 0 0 _a335.43
_218
_bHOW 1962
100 1 _aHook, Sidney,
_d1902-1989,
_93762
245 1 0 _aWorld communism: key documentary material /
_cSidney Hook.
260 _aPrinceton, N.J. :
_bVan Nostrand,
_cc1962.
300 _a256 p. ;
_c19 cm.
490 0 _aAn Anvil original
650 0 _aCommunism
_xHistory.
_925461
942 _2ddc
_cBK
999 _c8175
_d8175